Ч. 1; Нормативно-техническое регулирование разработки нефтяных и газовых месторождений; Положение о министерстве "Природных ресурсов и экологии (МПР) РФ"; Методические рекомендации по проектированию разработки нефтяных и газовых месторождений; Регламент по созданию постоянно действующих геолого-технологических моделей нефтяных и газовых месторождений; Энергетическая стратегия России на период до 2030 года (извлечение)

Bibliografiske detaljer
Parent link:Нормативно-техническое регулирование разработки нефтяных и газовых месторождений: сборник нормативных актов и документов для студентов вузов/ сост. Г. В. Кусов , О. В. Савенок. Ч. 1.— , 2010
Summary:В Сборнике представлены краткий анализ законодательства по техническому регулированию и действующие нормативные акты по разработке нефтяных и газовых месторождений, а также Энергетическая стратегия РФ на период до 2030 года. До завершения переходного периода, предусмотренного ФЗ «О техническом регулировании», основными источниками технических норм, регулирующих недропользование, являются государственные стандарты; строительные нормы и правила; нормативные акты, утвержденные Госгор-технадзором, к которым относятся, в частности, правила охраны недр и правила разработки полезных ископаемых. Сборник может быть полезен для инженерно-технических работников нефтегазодобывающей промышленности и студентов специальностей: 130503 - «Разработка и эксплуатация нефтяных и газовых месторождений», 130504 - «Бурение нефтяных и газовых скважин», 130501 - «Проек тирование, сооружение и эксплуатация газонефтепроводов и газонефтехранилищ», 130602 - «Машины и оборудование нефтяных и газовых промыслов».
Sprog:russisk
Udgivet: 2010
TOC:Положение о министерстве "Природных ресурсов и экологии (МПР) РФ";
Методические рекомендации по проектированию разработки нефтяных и газовых месторождений;
Регламент по созданию постоянно действующих геолого-технологических моделей нефтяных и газовых месторождений;
Энергетическая стратегия России на период до 2030 года (извлечение);
Fag:
Format: MixedMaterials Bog
KOHA link:https://koha.lib.tpu.ru/cgi-bin/koha/opac-detail.pl?biblionumber=233383

MARC

LEADER 00000nam2a2200000 4500
001 233383
005 20231101231238.0
010 |a 9785917180472 
035 |a (RuTPU)RU\TPU\book\254461 
090 |a 233383 
100 |a 20130304d2010 k y0rusy50 ca 
101 0 |a rus 
102 |a RU 
105 |a y l 000zy 
200 0 |a Ч. 1 
210 |d 2010 
215 |a 246 с. 
330 |a В Сборнике представлены краткий анализ законодательства по техническому регулированию и действующие нормативные акты по разработке нефтяных и газовых месторождений, а также Энергетическая стратегия РФ на период до 2030 года. До завершения переходного периода, предусмотренного ФЗ «О техническом регулировании», основными источниками технических норм, регулирующих недропользование, являются государственные стандарты; строительные нормы и правила; нормативные акты, утвержденные Госгор-технадзором, к которым относятся, в частности, правила охраны недр и правила разработки полезных ископаемых. Сборник может быть полезен для инженерно-технических работников нефтегазодобывающей промышленности и студентов специальностей: 130503 - «Разработка и эксплуатация нефтяных и газовых месторождений», 130504 - «Бурение нефтяных и газовых скважин», 130501 - «Проек тирование, сооружение и эксплуатация газонефтепроводов и газонефтехранилищ», 130602 - «Машины и оборудование нефтяных и газовых промыслов». 
461 1 |0 (RuTPU)RU\TPU\book\56575  |t Нормативно-техническое регулирование разработки нефтяных и газовых месторождений  |o сборник нормативных актов и документов для студентов вузов  |f сост. Г. В. Кусов , О. В. Савенок  |v Ч. 1  |d 2010 
464 |t Положение о министерстве "Природных ресурсов и экологии (МПР) РФ" 
464 |t Методические рекомендации по проектированию разработки нефтяных и газовых месторождений 
464 |t Регламент по созданию постоянно действующих геолого-технологических моделей нефтяных и газовых месторождений 
464 |t Энергетическая стратегия России на период до 2030 года (извлечение) 
606 1 |a Нефтяные месторождения  |x Системы разработки  |2 stltpush  |3 (RuTPU)RU\TPU\subj\45964  |9 65153 
610 1 |a нормативно-техническое обеспечение 
610 1 |a техническое регулирование 
610 1 |a нормативные акты 
610 1 |a недропользование 
610 1 |a газонефтяные месторождения 
610 1 |a освоение 
610 1 |a проектирование 
610 1 |a энергетическая стратегия 
675 |a 622.276  |v 3 
801 1 |a RU  |b 63413507  |c 20130304 
801 2 |a RU  |b 63413507  |c 20141119  |g RCR 
942 |c BK 
959 |a 51/20130304  |d 1  |e 500,00  |f ЧЗКДП:1